| 000 | 00401 a2200109 4500 | ||
|---|---|---|---|
| 001 | ART_49700 | ||
| 005 | 20260410161936.0 | ||
| 008 | 260409a | ||
| 245 | 1 | 0 | _aReforma necesaria en la estructura del impuesto a las ganancias de Argentina |
| 100 | 1 | _aReig, Enrique Jorge | |
| 773 | 0 |
_tAnales de la Academia Nacional de Ciencias Económicas _g- Vol. XLI, (1996) (ene. 1997) _wREV25596 |
|
| 999 |
_c29023 _d29023 |
||